Регионална библиотека "Любен Каравелов" - Русе

Много млада и много хубава (Запис номер 87054)

MARC детайли
000 -Лидер
Контролно поле с фиксирана дължина 01302nam a2200325 c 4500
003 - Код на организацията, давaща контролен номер
Контролно поле BLK
005 - Дата и час на последна редакция
Контролно поле 20180422104353.0
008 - Елементи от данни с фиксирана дължина
fixed length control field 180408b bul|||||r ||||||| ||bul||
010 ## - Наследен системен номер
LC control number KNG00091684000
020 ## - Международен стандартен номер на книга ISBN
Международен стандартен номер на книга ISBN 954-439-150-9
-- издат.: Слово
040 ## - Източник на каталожния запис
Идентификатор на билиотеката - собственик на записа BLK
041 ## - Код за език
Код за езика на текст/звукозапис или на отделно заглавие Български
Код за езика КДБФ Български
080 ## - УДК
Текстов определител УДК Американска литература (на САЩ)
УДК код - определител по УДК 821.111(73)
УДК определител -31
УДК - код + определител 821.111(73)-31
100 1# - Редна дума - Автор
Автор Хендерсън, Джо
Авторска отговорност първи автор
R(LIN) 302559
139 ## - Редно поле
Редна дума Хендерсън, Джо
Авторски знак Хен - Х 42
245 10 - Сведения за заглавието
Заглавие Много млада и много хубава
Подзаглавни данни Роман
Редно поле (дума) Джо Хендерсън; прев. от англ. Снежана Дончева.
257 ## - Страна на издаване
Страна на създаване/издаване Съединени американски щати
260 ## - Област на издателските данни
-- В. Търново
Име на издателя, разпространителя и проч. Слово
Година на издаване 1993
Печатница В. Търново : Абагар
300 ## - Физическа характеристика
Страници 141 с.
Размери/Мащаб 20 см
380 ## - Жанр
Жанр Худож. лит.
490 1# - СЕРИИ (Колекции)
Име на серия Любовни романи : Made in USA
№: серия № 32
500 ## - Общи забележки
Забележка Ориг. загл. Love Substitute / Jo Henderson. - Офс. изд. - 50 000 тир.
653 ## - Ключова дума – ненормативна
Ключова дума романтична проза
700 1# - Други автори (авторска отговорност)
Лично име Дончева, Снежана
Автороска отговорност (Описва отношението между автора и произведението) прев. от англ.
9 (RLIN) 363317
852 ## - Местоположение
Форматна сигнатура Цб 178623
856 4# - Електронен адрес и достъп
Електронен формат pdf - файл
Път до файла /url/
856 4# - Електронен адрес и достъп
Електронен формат pdf - файл
Път до файла /url/
942 ## - АРТИКУЛИ
Вид на библиотечния материал Книги
Скрит в OPAC Не
944 ## - СЪЗДАВАНЕ И РЕДАКЦИЯ на ЗАПИСА
Създаване/Редакция Създаване
Дата на регистрацията/редакция 29.09.2009
Статус, дата на статуса ф /
Служител, извършил регистрацията/редакцията Людмила_Стоянова
944 ## - СЪЗДАВАНЕ И РЕДАКЦИЯ на ЗАПИСА
Създаване/Редакция Редакция
Дата на регистрацията/редакция 21.10.2011
Статус, дата на статуса ф /
Служител, извършил регистрацията/редакцията
999 ## - СИСТЕМНИ КОНТРОЛНИ НОМЕРА
Koha biblionumber 87054
Koha biblioitemnumber 87054
Наличности
Код за отписване Код за изгубен артикул Източник на класификационната схема Код за повреда Коз за рестрикции Код за отдаване Артикулен № Име на библиотеката - собственик Име на библиотеката, в която се намира в момента Статус (Текущо местоположение) Дата на вписване в системата Местоположение - отдел Цена в лева Инвентарен номер Систематично азбучна сигнатура Баркод Номер на екземпляра Цена в евро Служебна бележка Служебен тип на артикула
Изтеглен Не е изгубен Universal Decimal Classification Не е повреден без рестрикции заемане за дома 140926 Регионална библиотека "Любен Каравелов" Русе Регионална библиотека "Любен Каравелов" Русе Заемна - подръчен фонд 2009-09-25 Заемна - подръчен фонд 2.00 120000738585 П 820(73)-31/Х 42 120000738585 1 1.02 Дост: DA Вид: А N: 12 Дата: 25.09.2009 Дата инв: 15.02.2018 Бележки инв: П2018 Книги
  Не е изгубен Universal Decimal Classification Не е повреден без рестрикции ползва се в читалня 140927 Регионална библиотека "Любен Каравелов" Русе Регионална библиотека "Любен Каравелов" Русе Хранилище 1993-01-01 Хранилище 0.42 587028 Цб 178623 120000587028 2 0.21 Дост: Dp Вид: Д N: стар фонд Дата: 01.01.1993 Дата инв: 18.09.2015 Бележки инв: Цб2015 Книги
Изтеглен Не е изгубен Universal Decimal Classification Не е повреден без рестрикции заемане за дома 140928 Регионална библиотека "Любен Каравелов" Русе Регионална библиотека "Любен Каравелов" Русе Заемна - подръчен фонд 2011-09-07 Заемна - подръчен фонд 2.00 120000752715 П 820(73)-31/Х 42 120000752715 3 1.02 Дост: DA Вид: А N: 14 Дата: 07.09.2011 Дата инв: 15.02.2018 Бележки инв: П2018 Книги
Vip Innovations Ltd, Rousse, Bulgaria 2025